Kubi (Record no. 20881)

000 -LEADER
fixed length control field 01295nam a22001697a 4500
008 - FIXED-LENGTH DATA ELEMENTS--GENERAL INFORMATION
fixed length control field 250528b xxu||||| |||| 00| 0 eng d
040 ## - CATALOGING SOURCE
Original cataloging agency Cagayan State University
Description conventions RDA
082 ## - DEWEY DECIMAL CLASSIFICATION NUMBER
Classification number 791.4372
Item number K95
245 ## - TITLE STATEMENT
Title Kubi
Statement of responsibility, etc Director, Producer and Writer / Takeshi Kitano
260 ## - PUBLICATION, DISTRIBUTION, ETC. (IMPRINT)
Place of publication, distribution, etc Japan
Name of publisher, distributor, etc Kadokawa
Date of publication, distribution, etc ©2023
300 ## - PHYSICAL DESCRIPTION
Extent 1 videofile, ca 131 minutes.
Other physical details Sound and Color
520 ## - SUMMARY, ETC.
Summary, etc Lord Oda Nobunaga plans to control Japan where rival warlords battle by waging war against several clans. His vassal Araki Murashige stages a rebellion and promptly disappears.
Nobunaga Oda, who aims to unify Tianjin, was violently offensive with the forces of the Mao army, Takeda army, Uesugi army, and temple company in Kyoto. Meanwhile, Nobunaga's vassal Araki Muramura causes a conspiracy to disappear. Nobunaga gathers Akemitsuhide and Hidayoshi Hashiba's vassals and orders Muradae's search for his trace inheritance. Hideyoshi worked with his younger brother, Hideyoshi, and military officer Kuroda, and instructed Geninobu geisha, Ryoshinemon Soro, to find Murashige. In fact, Hideyoshi was aiming to catch Nobunaga and Gwangju on this turmoil and try to catch Tianjo.
650 ## - SUBJECT ADDED ENTRY--TOPICAL TERM
Topical term or geographic name as entry element Action, Comedy
700 ## - ADDED ENTRY--PERSONAL NAME
Personal name Takeshi Kitano, stars.
710 ## - ADDED ENTRY--CORPORATE NAME
Corporate name or jurisdiction name as entry element Takeshi Hamada, cinematographer.
942 ## - ADDED ENTRY ELEMENTS (KOHA)
Source of classification or shelving scheme
Item type Audio-Visual Materials
Holdings
Source of acquisition Price effective from Permanent location Date last seen Not for loan Date acquired Source of classification or shelving scheme Koha item type Collection code Shelving location Damaged status Lost status Withdrawn status Current location Full call number
Donation2025-05-28Cagayan State University - Carig Library2025-05-28 2025-05-28 Audio-Visual MaterialsElectronic Media CenterElectronic Media Center   Cagayan State University - Carig Library791.4372 K95

Cagayan State University University Library, Carig Campus
Tuguegarao City, Cagayan 3500 | www.csucarig.edu.ph

Powered by Koha